2830-大阪市都島区(大阪府)の駅 - Statistics

General Stats
  • This quiz has been taken 12 times
  • The average score is 4 of 6
Answer Stats
Answer % Correct
都島
100%
桜ノ宮
70%
京橋
70%
城北公園通
70%
大阪城北詰
50%
野江内代
50%
No matching quizzes found
Score Distribution
Percent of People with Each Score
Percentile by Number Answered
Your Score History
You have not taken this quiz